| 000 | 00692nam a2200205Ia 4500 | ||
|---|---|---|---|
| 001 | 21766 | ||
| 003 | GE_BSU | ||
| 008 | 181216s||||||||xx |||||||||||||| ||und|| | ||
| 040 | _cGE_BSU | ||
| 245 | _aИнформационно-управляющие системы. №5(90) 2017 | ||
| 245 | _cГл.ред.Сергеев М.Б. | ||
| 260 | _aМосква | ||
| 260 | _c2017 | ||
| 300 | _a122 стр. 30см. илл. | ||
| 653 | _aИнформационно-управляющие системы. №5(90) 2017 | ||
| 653 | _aПериодика | ||
| 653 | _aპერიოდიკა | ||
| 653 | _aსაინფორმაციო ტექნოლოგიები | ||
| 942 | _cCR | ||
| 999 |
_c54699 _d54699 |
||